<?xml version="1.0" encoding="UTF-8"?>
<marc:record xmlns:marc="http://www.loc.gov/MARC21/slim">
   <marc:leader>00000nam a2200000 a 4500</marc:leader>
   <marc:datafield ind1="1" ind2=" " tag="100">
      <marc:subfield code="a">Hell, Silvia</marc:subfield>
      <marc:subfield code="4">edt</marc:subfield>
      <marc:subfield code="e">Bearbeiter/-in</marc:subfield>
   </marc:datafield>
   <marc:datafield ind1=" " ind2=" " tag="653">
      <marc:subfield code="a">Geschichte</marc:subfield>
   </marc:datafield>
   <marc:datafield ind1=" " ind2=" " tag="653">
      <marc:subfield code="a">Katholizität</marc:subfield>
   </marc:datafield>
   <marc:datafield ind1=" " ind2=" " tag="653">
      <marc:subfield code="a">Ökumenische Theologie</marc:subfield>
   </marc:datafield>
   <marc:datafield ind1=" " ind2=" " tag="653">
      <marc:subfield code="a">Begriff</marc:subfield>
   </marc:datafield>
   <marc:datafield ind1=" " ind2=" " tag="653">
      <marc:subfield code="a">Katholische Theologie</marc:subfield>
   </marc:datafield>
   <marc:datafield ind1=" " ind2=" " tag="653">
      <marc:subfield code="a">Evangelische Theologie</marc:subfield>
   </marc:datafield>
   <marc:datafield ind1=" " ind2=" " tag="653">
      <marc:subfield code="a">Aufsatzsammlung</marc:subfield>
   </marc:datafield>
   <marc:datafield ind1="0" ind2="0" tag="245">
      <marc:subfield code="a">Katholizität - Konfessionalismus oder Weltweite?</marc:subfield>
   </marc:datafield>
   <marc:datafield ind1="0" ind2="0" tag="245">
      <marc:subfield code="b">Beiträge der Ökumenischen Forschungsprojektgruppe an der Katholisch-Theologischen Fakultät Innsbruck</marc:subfield>
   </marc:datafield>
   <marc:datafield ind1="0" ind2="0" tag="245">
      <marc:subfield code="c">hrsg. von Silvia Hell</marc:subfield>
   </marc:datafield>
   <marc:datafield ind1=" " ind2="1" tag="264">
      <marc:subfield code="a">Innsbruck</marc:subfield>
      <marc:subfield code="b">Tyrolia-Verl.</marc:subfield>
      <marc:subfield code="c">2007</marc:subfield>
   </marc:datafield>
   <marc:datafield ind1="1" ind2=" " tag="520">
      <marc:subfield code="a">Angaben aus der Verlagsmeldung

Katholizität : Konfessionalismus oder Weltweite?

Neue Perspektiven für einen belasteten Begriffes.

Der Begriff „Katholizität“ weist eine interessante Geschichte auf: von der neutestamentlichen Weite (Gott als Gott der Juden und der Heiden) über das enge „römisch-katholisch“ der Konfessionsbezeichnung bis hin zur multikulturellen Weltkirche.
Die Beiträge in diesem Band beschäftigen sich aus dem Blickwinkel der unterschiedlichen theologischen Disziplinen mit dem Thema. Dabei ergeben sich Impulse für den Umgang mit Einheit und Vielfalt, mit Lokalität und Universalität, mit geschichtlich konkreter ekklesialer Gestalt und eschatologischer Verheißung. Brisant und ökumenisch relevant wird das Thema z.B. im Blick auf konfessionsverbindende Ehen.
Mit Beiträgen von Klemens Betz, Konrad Breitsching, Martin Hasitschka SJ, Lothar
Lies SJ, Athanasios Vletsis, Franz Weber, Gunther Wenz und der Herausgeberin
Silvia Hell.
</marc:subfield>
   </marc:datafield>
   <marc:datafield ind1=" " ind2=" " tag="020">
      <marc:subfield code="a">9783702228675</marc:subfield>
      <marc:subfield code="9">9783702228675</marc:subfield>
   </marc:datafield>
   <marc:datafield ind1=" " ind2=" " tag="020">
      <marc:subfield code="a">3702228675</marc:subfield>
      <marc:subfield code="9">3702228675</marc:subfield>
   </marc:datafield>
   <marc:datafield ind1=" " ind2=" " tag="041">
      <marc:subfield code="a">ger</marc:subfield>
   </marc:datafield>
   <marc:datafield ind1=" " ind2=" " tag="300">
      <marc:subfield code="a">204 S.</marc:subfield>
   </marc:datafield>
</marc:record>
